Airplane nicknames - Statistics

General Stats
  • This quiz has been taken 47 times
  • The average score is 3 of 19
Answer Stats
Hint Answer % Correct
Lockheed SR-71 Blackbird
58%
A-318 Baby bus
53%
Fairchild Republic A-10 Thunderbolt II Warthog
49%
Boeing 747 Jumbo jet
37%
Lockheed U-2 Dragon lady
26%
Antonov 225 Mriya
26%
Boeing B-17 Flying fortress
19%
Boeing 757 Flying pencil
16%
F-111 Aardvark
14%
A-220 Howler
9%
Concorde Time machine
9%
Bell UH-1 Huey
7%
Avro Vulcan Tin triangle
7%
F-104 Starfighter Widowmaker
5%
Tu144 Concordski
2%
Saab 29 Tunnan Flying barrel
2%
Lockheed C-5 Galaxy FRED
2%
F-106 Cadillac
0%
A7-D SLUF
0%
No matching quizzes found
Score Distribution
Percent of People with Each Score
Percentile by Number Answered
Your Score History
You have not taken this quiz